| 000 | 00377cam a2200169 4500 | ||
|---|---|---|---|
| 001 | D12778 | ||
| 008 | 090401t1909 xxu||||| |||| 00| 0 eng d | ||
| 035 | _a(Sirsi) u5688 | ||
| 041 | _aeng | ||
| 100 | _aFreeman, Albert C | ||
| 245 | _aSmall estate management | ||
| 260 |
_aLondon _bDebnam _c1909 |
||
| 350 | _a0 | ||
| 520 | _aShelf 116 | ||
| 942 | _n0 | ||
| 948 | _c04/03/1997 | ||
| 999 |
_c86197 _d86197 |
||